000 00493nam a22001697a 4500
005 20150128100040.0
008 150128b xxu||||| |||| 00| 0 eng d
020 _a9788131222980
050 _aRS 164
_b.Sh525 2010
100 _aShah, Biren.
245 _aTextbook of pharmacognosy and phytochemistry /
_cBiren Shah and A.K. Seth.
250 _a1st ed.
260 _aIndia :
_bElsevier,
_cc2010.
300 _a578 pages :
_billustrations ;
_c28 cm.
521 _aPharmacy
942 _2lcc
_cBK
999 _c278904
_d278904